00418nam a2200133Ia 4500008004100000082002000041100001700061245004800078260004400126300001100170440003700181500004700218650001900265120622s9999 xx 000 0 und d a330 S444e S426c aScott, H. M. aCurso elemental de economía / H. M. Scott aMéxico : Fondo de Cultura Económica a197 p. aSección de obras de economía aTitulo original: The approach to economics a1. ECONOMIAÌ